Miasta w Polsce zakończone na -ica na mapie - Statystyki

Ogólne statystyki
  • Ten quiz został rozwiązany 290 razy
    229 od ostatniego zresetowania
  • Średni wynik to 11 z 26
Odpowiedzi na mapie
Odpowiedzi zakodowano w zielono-czerwonej skali na mapie do tego quizu, zgodnie z poniższymi procentami.
 
Statystyki odpowiedzi
Województwo Miasto % Poprawnych
Dolnośląskie Legnica
86%
Podkarpackie Dębica
70%
Dolnośląskie Oleśnica
67%
Warmińsko-Mazurskie Nidzica
66%
Dolnośląskie Świdnica
66%
Kujawsko-Pomorskie Brodnica
63%
Dolnośląskie Trzebnica
59%
Śląskie Pilica
47%
Małopolskie Szczawnica
47%
Lubelskie Izbica
39%
Kujawsko-Pomorskie Kruszwica
37%
Wielkopolskie Opalenica
37%
Lubuskie Witnica
34%
Lubuskie Łęknica
32%
Mazowieckie Mogielnica
31%
Świętokrzyskie Wiślica
29%
Opolskie Leśnica
28%
Świętokrzyskie Stopnica
28%
Lubuskie Gozdnica
27%
Świętokrzyskie Morawica
27%
Łódzkie Drzewica
26%
Zachodniopomorskie Stepnica
26%
Świętokrzyskie Koprzywnica
25%
Wielkopolskie Łobżenica
22%
Świętokrzyskie Pierzchnica
22%
Mazowieckie Siennica
13%
Nie znaleziono quizów pasujących do podanych kryteriów
Rozkład punktacji
Procent ludzi z każdym wynikiem
Percentyl według liczby udzielonych odpowiedzi
Twoja historia wyników
Nie rozwiązałeś tego quizu od ostatniego zresetowania